000 00601nam a22001817a 4500
005 20231106144144.0
008 231106b |||||||| |||| 00| 0 eng d
020 _a070211071
041 _aEnglish
082 _a346.5 FAI
100 _aNoel-Barham, GLH and Summers, PA
_lEnglish
245 _aFairbairn's Handbook for Executors and Administrators /
_cGLH Noel-Barham and PA Summers
250 _aFourth Edition
260 _aCape Town :
_bJuta and Company Ltd,
_c1980
300 _bxxii, 466 pages ;
_c25,5 cm.
650 _aLegal practice
_bLaw
942 _cBK
_6ALISON_BN_VRIES
999 _c334
_d334